000 00374nam a2200145Ia 4500
008 191206s9999 xx 000 0 und d
020 _a312072619
090 _aKF277.438
245 0 _aJoseph Conrad: text and context
260 _aSt. Martin's Press
260 _bWriters in their time
260 _cc1992
300 _a"xii, 198 p. ; 23 cm."
999 _c16296
_d16296